000 00277nam a22001337a 4500
008 180207b xxu||||| |||| 00| 0 eng d
020 _a9780134360188
041 _aeng
080 _a82
100 _a21
101 _aGHU
245 _aLITERATURE
_cSILVER.M
942 _2udc
_cBK
999 _c42040
_d42040